ბათუმის შოთა რუსთაველის სახელმწიფო უნივერსიტეტის ბიბლიოთეკა

Six frigates : the epic history of the founding of the U.S. Navy (ბიბ.ჩანაწერი № 51615)

000 -LEADER
fixed length control field 01065nam a2200241Ia 4500
001 - CONTROL NUMBER
control field 18606
003 - CONTROL NUMBER IDENTIFIER
control field GE_BSU
008 - FIXED-LENGTH DATA ELEMENTS--GENERAL INFORMATION
fixed length control field 181216s||||||||xx |||||||||||||| ||und||
020 ## - INTERNATIONAL STANDARD BOOK NUMBER
International Standard Book Number ISBN 978-0-393-33032-8
040 ## - CATALOGING SOURCE
Transcribing agency GE_BSU
100 ## - MAIN ENTRY--PERSONAL NAME
Personal name Toll, Ian W.
245 ## - TITLE STATEMENT
Title Six frigates : the epic history of the founding of the U.S. Navy
250 ## - EDITION STATEMENT
Edition statement 1st ed.
260 ## - PUBLICATION, DISTRIBUTION, ETC.
Place of publication, distribution, etc. New York London
260 ## - PUBLICATION, DISTRIBUTION, ETC.
Name of publisher, distributor, etc. W.W Norton &Company
260 ## - PUBLICATION, DISTRIBUTION, ETC.
Date of publication, distribution, etc. 2006
300 ## - PHYSICAL DESCRIPTION
Extent 560p;ill,23cm.
653 ## - INDEX TERM--UNCONTROLLED
Uncontrolled term Six frigates : the epic history of the founding of the U.S. Navy
653 ## - INDEX TERM--UNCONTROLLED
Uncontrolled term United States. Navy--History--18th century. United States. Navy--History--19th century. Frigates--United States--History--18th century. Frigates--United States--History--19th century. United States--History--Tripolitan War, 1801-1805--Naval operations. United States--History--War of 1812--Naval oper
653 ## - INDEX TERM--UNCONTROLLED
Uncontrolled term საზღვავო ისტორია,საზღვავო ოპერაციები, ომი
653 ## - INDEX TERM--UNCONTROLLED
Uncontrolled term სამხედრო საქმე
942 ## - ADDED ENTRY ELEMENTS (KOHA)
Koha item type წიგნი
ეგზემპლარები
Withdrawn status Lost status Damaged status Not for loan Date acquired Barcode Date last seen Price effective from Koha item type
        2018-12-17 48139 2018-12-17 2018-12-17 წიგნი